Anna Bolecka

Titel: Anna Bolecka : [die Autorenhefte erscheinen aus Anlaß des polnischen Schwerpunktprogramms c POLAND auf der 52. Internationalen Frankfurter Buchmesse und des Programms "Polen erlesen - Literatur, Kunst, Kultur - NRW 2000/2001"] / Tadeusz Nyczek
Beteiligt: ;
Veröffentlicht: Krakau : Villa Decius, Arbeitsgruppe Literatur polska2000, 2000
Umfang: 27 S. : Ill.
Format: Buch
Sprache: Deutsch
ISBN: 8388292560
Buchumschlag
X
Lokale Klassifikation: 2 B 2316 ; 32 10 F
alg: 9668597
001A    $00026:22-03-01 
001B    $01999:19-05-23 $t20:31:48.000 
001C    $03004:22-07-10 $t15:32:20.000 
001D    $00026:13-07-01 
001U    $0utf8 
001X    $00 
002@    $0Aau 
003@    $0096685972 
003O    $0614177822 $aOCoLC 
004A    $083-88292-56-0 
006G    $0963635662 
006U    $002,B10,0512 
007A    $0096685972 $aHEB 
010@    $ager 
011@    $a2000 
013H    $0z 
021A    $aAnna Bolecka $d[die Autorenhefte erscheinen aus Anlaß des polnischen Schwerpunktprogramms c POLAND auf der 52. Internationalen Frankfurter Buchmesse und des Programms "Polen erlesen - Literatur, Kunst, Kultur - NRW 2000/2001"] $hTadeusz Nyczek 
028C    $D20220215 $Ecgwrk $71051762898 $8Nyczek, Tadeusz$Z1946- [Tp3] $9340786442 
028C/01 $7118175440 $8Bolecka, Anna$Z1951- [Tp1] $9106624784 
033A    $pKrakau $nVilla Decius, Arbeitsgruppe Literatur polska2000 
034D    $a27 S. 
034M    $aIll. 
037A    $aLiteraturverz. S. 27 
045E    $a57 $a59 
045F    $a800 $eDDC23BSB 
045F/01 $a800 
045F/03 $g438 

lok: 9668597 24
101B    $023-07-10 $t08:29:09.000 
101C    $023-07-10 
101U    $0utf8 
145Z/01 $a2 B 2316 
145Z/02 $a32 10 F 

exp: 9668597 24 1 #EPN
201B/01 $026-11-10 $t10:11:31.000 
201C/01 $016-07-10 
201U/01 $0utf8 
203@/01 $0596379498 
208@/01 $a06-10-10 $bz 
209A/01 $aS 24365 $du $f050 $hS 24365 $x00 
209C/01 $a10.3509 K $h10 509 K 
209G/01 $a72667891 $x00 
220C/01 $akon/nie 
244Z/01 $7118175440 $8--Tp1--Bolecka, Anna$Z1951- $x01 $9106624784 
247C/01 $8358050-7 Marburg, Bibliothek des Herder-Instituts Marburg $9102600961 

lok: 9668597 25

exp: 9668597 25 1 #EPN
201B/01 $003-12-25 $t15:36:45.000 
201C/01 $004-09-03 
201U/01 $0utf8 
203@/01 $0187903352 
208@/01 $a20-06-05 $br 
209A/01 $aP Lwi 562 $dd $f076 $x00 
209C/01 $a1901/03 
209G/01 $a77507881 $x00 
209G/01 $aPolonicum $x01 
247C/01 $8651076-0 <77/076>Mainz, Universität Mainz, Bereichsbibliothek Philosophicum, Standort Polonicum $9102600252 

lok: 9668597 204

exp: 9668597 204 1 #EPN
201B/01 $020-12-02 $t06:09:16.300 
201C/01 $022-03-01 
203@/01 $0152786481 
208@/01 $a13-07-01 $bz 
209A/01 $a21.769.92 $du $f000 $h21 769 92 $x00 
209G/01 $a21769924 $x00 
245S/01 $a21000 $x01 
247C/01 $8631000-x <26>Gießen, Universität Gießen, Universitätsbibliothek Gießen $9102596697 
201U/01 $0utf8
LEADER 00000cam a2200000 c 4500
001 096685972
003 DE-603
005 20230519203148.0
007 tu
008 010322s2000 xx |||| | u00||u|ger
015 |a 02,B10,0512  |2 dnb 
016 7 |2 DE-101  |a 963635662 
020 |a 8388292560 
035 |a (DE-599)HEB096685972 
035 |a (OCoLC)614177822 
040 |a DE-603  |b ger  |c DE-603  |d DE-603 
041 |a ger 
082 0 4 |8 1\u  |a 800  |q DE-101  |2 23/BSB 
084 |a 57  |a 59  |q DE-101  |2 sdnb 
085 |8 1\u  |b 800 
085 |8 1\u  |z 2  |s 438 
245 0 0 |a Anna Bolecka  |b [die Autorenhefte erscheinen aus Anlaß des polnischen Schwerpunktprogramms c POLAND auf der 52. Internationalen Frankfurter Buchmesse und des Programms "Polen erlesen - Literatur, Kunst, Kultur - NRW 2000/2001"]  |c Tadeusz Nyczek 
264 1 |a Krakau  |b Villa Decius, Arbeitsgruppe Literatur polska2000  |c 2000 
300 |a 27 S.  |b Ill. 
500 |a Literaturverz. S. 27 
700 1 |a Nyczek, Tadeusz  |d 1946-  |0 (DE-603)340786442  |0 (DE-588)1051762898  |2 gnd 
700 1 |a Bolecka, Anna  |d 1951-  |0 (DE-603)106624784  |0 (DE-588)118175440  |2 gnd 
924 0 |9 Mb 50  |a (DE-603)596379498  |b DE-Mb50  |c HES  |d c  |g S 24365 
924 0 |9 77/076  |a (DE-603)187903352  |b DE-77-076  |c HES  |d d  |g P Lwi 562 
924 0 |9 26  |a (DE-603)152786481  |b DE-26  |c HES  |d c  |g 21.769.92